[Event "Rheinland Pfalz-ch Blitz"]
[Site "Landau"]
[Date "2024.05.05"]
[Round "22"]
[White "Bold, Andre"]
[Black "Mueller, Lutz"]
[Result "1-0"]
[WhiteElo "2110"]
[BlackElo "2002"]
[PlyCount "113"]
[EventDate "2024.05.05"]
[EventType "tourn (blitz)"]
[EventRounds "29"]
[EventCountry "GER"]
[SourceTitle "CB20_2024"]
[SourceDate "2024.05.16"]
[SourceVersion "1"]
[SourceVersionDate "2024.05.16"]
[SourceQuality "1"]

1. d4 g6 2. Nf3 Bg7 3. c3 d6 4. Bf4 Nf6 5. h3 0-0 6. e3 a5 7. Be2 a4 8. 0-0 Na6 9. Nbd2 Bd7 10. e4 c5 11. Be3 Rb8 12. e5 Ne8 13. Nc4 b5 14. Ncd2 Nec7 15. exd6 exd6 16. dxc5 dxc5 17. Ne4 Qe7 18. Qd6 Qxe4 19. Qxd7 Rfd8 20. Qg4 Qxg4 21. hxg4 Nd5 22. a3 Re8 23. Rad1 Nxe3 24. fxe3 Rxe3 25. Kf2 Re7 26. Rd6 Nc7 27. Rfd1 Ne6 28. Bf1 Bf8 29. Rd7 Ree8 30. Ne5 Re7 31. Rxe7 Bxe7 32. Nc6 Rb7 33. Nxe7+ Rxe7 34. Bxb5 Ng5 35. Rd8+ Kg7 36. Rd7 Re4 37. Rd5 Ne6 38. g5 h6 39. gxh6+ Kxh6 40. Bd7 Ng5 41. Rxc5 Re7 42. Bc6 Rc7 43. Rxg5 Kxg5 44. Bxa4 Kf4 45. Bb5 Rc5 46. c4 g5 47. a4 Rc7 48. a5 Ke5 49. a6 Kd4 50. g4 Kc5 51. Ke3 Re7+ 52. Kd3 Rc7 53. Ke4 Re7+ 54. Kf5 f6 55. Kxf6 Re2 56. Kxg5 Rxb2 57. Kf6 1-0

[Event "Rheinland Pfalz-ch Blitz"]
[Site "Landau"]
[Date "2024.05.05"]
[Round "21"]
[White "Zimmermann, Klemens"]
[Black "Bold, Andre"]
[Result "1/2-1/2"]
[WhiteElo "2198"]
[BlackElo "2110"]
[PlyCount "76"]
[EventDate "2024.05.05"]
[EventType "tourn (blitz)"]
[EventRounds "29"]
[EventCountry "GER"]
[SourceTitle "CB20_2024"]
[SourceDate "2024.05.16"]
[SourceVersion "1"]
[SourceVersionDate "2024.05.16"]
[SourceQuality "1"]

1. d4 d5 2. c4 c6 3. cxd5 cxd5 4. Nc3 Nf6 5. Bf4 Nc6 6. e3 Bf5 7. Rc1 e6 8. Qb3 Bb4 9. Bb5 Bxc3+ 10. Rxc3 0-0 11. Bxc6 bxc6 12. f3 Nh5 13. Ne2 Nxf4 14. Nxf4 Qb6 15. Qxb6 axb6 16. a3 Rfc8 17. Kd2 c5 18. dxc5 bxc5 19. Rhc1 g5 20. Nh5 Bg6 21. Nf6+ Kg7 22. Nd7 c4 23. Nb6 Rcb8 24. Nxa8 Rxa8 25. e4 Rb8 26. R1c2 dxe4 27. fxe4 Bxe4 28. Rxc4 Bxc2 29. Kxc2 f5 30. b4 e5 31. Rc6 e4 32. Kc3 e3 33. Kd3 f4 34. Ke2 Rd8 35. Rc2 Ra8 36. Rc3 Rd8 37. Rc2 Ra8 38. Rc3 Rd8 1/2-1/2

[Event "Titled Tuesday intern op 12th Mar Late"]
[Site "Chess.com INT"]
[Date "2024.03.12"]
[Round "8"]
[White "Bold, Andre"]
[Black "Dias, Simao Poscidonio"]
[Result "1-0"]
[WhiteElo "2218"]
[BlackElo "2068"]
[PlyCount "45"]
[EventDate "2024.03.12"]
[EventType "swiss (blitz)"]
[EventRounds "11"]
[EventCountry "USA"]
[SourceTitle "CB12_2024"]
[SourceDate "2023.10.01"]
[SourceVersion "1"]
[SourceVersionDate "2023.10.01"]
[SourceQuality "1"]

1. d4 d5 2. Nf3 Nf6 3. e3 e6 4. Nbd2 Be7 5. Bd3 0-0 6. c3 b6 7. 0-0 Ba6 8. Bxa6 Nxa6 9. Qe2 Qc8 10. e4 dxe4 11. Nxe4 Nxe4 12. Qxe4 h6 13. Bf4 Bd6 14. Rae1 Bxf4 15. Qxf4 c5 16. Re5 cxd4 17. Nxd4 Nc5 18. Rh5 Nd7 19. Qg3 Kh7 20. Nf3 Nf6 21. Ng5+ Kg8 22. Rxh6 gxh6 23. Nxe6+ 1-0

[Event "Titled Tuesday intern op 12th Mar Early"]
[Site "Chess.com INT"]
[Date "2024.03.12"]
[Round "7"]
[White "Santeramo, Alessia Carmen"]
[Black "Bold, Andre"]
[Result "1-0"]
[WhiteElo "2162"]
[BlackElo "2218"]
[PlyCount "89"]
[EventDate "2024.03.12"]
[EventType "swiss (blitz)"]
[EventRounds "11"]
[EventCountry "USA"]
[SourceTitle "CB12_2024"]
[SourceDate "2023.10.01"]
[SourceVersion "1"]
[SourceVersionDate "2023.10.01"]
[SourceQuality "1"]

1. e4 c6 2. d4 d5 3. Nc3 dxe4 4. Nxe4 Nf6 5. Nxf6+ exf6 6. c3 Bd6 7. Bd3 0-0 8. Qc2 Re8+ 9. Ne2 h6 10. Be3 Na6 11. 0-0-0 Nc7 12. Rdg1 Ne6 13. g4 Qc7 14. h4 Nf4 15. g5 Nxe2+ 16. Qxe2 fxg5 17. hxg5 Bf4 18. gxh6 g6 19. Kc2 Bxe3 20. fxe3 Kh7 21. e4 c5 22. d5 Qe5 23. Qf2 Re7 24. Qxc5 b6 25. Qd4 Bd7 26. Rf1 Rf8 27. Rf6 Bg4 28. Kd2 Bh5 29. Qxe5 Rxe5 30. Rhf1 Re7 31. d6 Rd7 32. Bb5 Rxd6+ 33. Rxd6 Kxh6 34. e5 Rc8 35. e6 fxe6 36. Rxe6 Rc5 37. Bd3 Rd5 38. Rff6 Kg5 39. Ke3 Ra5 40. Bxg6 Bxg6 41. Rxg6+ Kf5 42. Ref6+ Ke5 43. a3 Rd5 44. Rc6 Rd1 45. Rg5# 1-0